Химия поверхностей раздела фаз: пер. с англ.

Dades bibliogràfiques
Autor principal: Джейкок М. Майкл
Altres autors: Парфит Дж. Джофри
Sumari:В книге, написанной известными учеными М. Джейкоком (Великобритания) и Дж. Парфитом (США), излагаются основные закономерности, необходимые для понимания природы явлений, наблюдаемых на поверхности раздела фаз. В окружающем нас мире-многофазной системе-подобные явления обусловливают многие важные в практическом отношении процессы-катализ, адсорбцию, смачивание, очистку, флотацию и др.Предназначена для научных работников-физико-химиков, а также для преподавателей, студентов и аспирантов, специализирующихся в области физической химии.
Idioma:rus
Publicat: Москва, Мир, 1984
Matèries:
Format: Llibre
KOHA link:https://koha.lib.tpu.ru/cgi-bin/koha/opac-detail.pl?biblionumber=87855

MARC

LEADER 00000nam0a2200000 4500
001 87855
005 20231101213551.0
035 |a (RuTPU)RU\TPU\book\94315 
090 |a 87855 
100 |a 20051216d1984 km y0rusy50 ca 
101 1 |a rus  |c eng 
102 |a RU 
105 |a a z 001zy 
200 1 |a Химия поверхностей раздела фаз  |e пер. с англ.  |f М. Джейкок, Дж. Парфит 
210 |a Москва  |c Мир  |d 1984 
215 |a 269 с.  |c ил. 
320 |a Библиография в конце глав 
320 |a Предметный указатель: с. 262-266 
330 |a В книге, написанной известными учеными М. Джейкоком (Великобритания) и Дж. Парфитом (США), излагаются основные закономерности, необходимые для понимания природы явлений, наблюдаемых на поверхности раздела фаз. В окружающем нас мире-многофазной системе-подобные явления обусловливают многие важные в практическом отношении процессы-катализ, адсорбцию, смачивание, очистку, флотацию и др.Предназначена для научных работников-физико-химиков, а также для преподавателей, студентов и аспирантов, специализирующихся в области физической химии. 
606 1 |a Поверхностные явления  |x Физическая химия  |2 stltpush  |3 (RuTPU)RU\TPU\subj\70853  |9 85022 
610 1 |a химия 
610 1 |a физическая химия 
610 1 |a поверхностные явления 
610 1 |a фазы 
610 1 |a раздел 
610 1 |a твердые тела 
610 1 |a жидкости 
610 1 |a поверхности 
610 1 |a исследования 
610 1 |a библиотека А. Г. Стромберга 
675 |a 544.72  |v 3 
700 1 |a Джейкок  |b М.  |g Майкл 
701 1 |a Парфит  |b Дж.  |g Джофри 
801 1 |a RU  |b 63413507  |c 20051216  |g PSBO 
801 2 |a RU  |b 63413507  |c 20181102  |g PSBO 
942 |c BK